书目信息 |
| 题名: |
大家畜疾病防治手册
|
|
| 作者: | ;中国农业科学院兰州兽医研究所 编 | |
| 分册: | ||
| 出版信息: | 北京 科学出版社 1978 |
|
| 页数: | 743页 | |
| 开本: | 19cm | |
| 丛书名: | ||
| 单 册: | ||
| 中图分类: | S858.2-62 | |
| 科图分类: | ||
| 主题词: | 家畜疾病--防治--手册 | |
| 电子资源: | ||
| ISBN: | 16031.51 | |
| 000 | 00726nam0 2200229 450 | |
| 001 | 0178000567 | |
| 005 | 20100712215346.0 | |
| 010 | @a16031.51@dCNY2.35 | |
| 091 | @a16031.51 | |
| 100 | @a19950802d1978 em y0chiy0110 ea | |
| 101 | 0 | @achi |
| 102 | @aCN@b110000 | |
| 105 | @ay z 000yy | |
| 106 | @ar | |
| 200 | 1 | @a大家畜疾病防治手册@9Da;Dai Jia;Jie Xu;Chu Ji Bing Fang Zhi Shou Ce @f中国农业科学院兰州兽医研究所编 |
| 210 | @a北京@c科学出版社@d1978 | |
| 215 | @a743页@d19cm | |
| 606 | 0 | @a家畜疾病@x防治@x手册 |
| 690 | @aS858.2-62@v3 | |
| 711 | 02 | @a中国农业科学院兰州兽医研究所@9zhong guo nong ye ke xue yuan lan zhou shou yi yan jiu suo@4编 |
| 801 | 0 | @aCN@bAzMarc@c20130904 |
| 905 | @aBZT@dS858.2@e28@f7@sS858.2/28 | |
| 大家畜疾病防治手册/中国农业科学院兰州兽医研究所编.-北京:科学出版社,1978 |
| 743页;19cm |
| ISBN 16031.51:CNY2.35 |
| ● |
| 相关链接 |
|
|
|
正题名:大家畜疾病防治手册
索取号:S858.2/28
 
预约/预借
| 序号 | 登录号 | 条形码 | 馆藏地/架位号 | 状态 | 备注 |
| 1 | 2000113877 | 2000113877 | 旧书回溯/ [索取号:S858.2/28] | 在馆 | |
| 2 | 2000114419 | 2000114419 | 旧书回溯/ [索取号:S858.2/28] | 在馆 | |
| 3 | 2000114601 | 2000114601 | 旧书回溯/ [索取号:S858.2/28] | 在馆 | |
| 4 | 2000114628 | 2000114628 | 旧书回溯/ [索取号:S858.2/28] | 在馆 | |
| 5 | 2000115644 | 2000115644 | 旧书回溯/ [索取号:S858.2/28] | 在馆 | |
| 6 | 2000116879 | 2000116879 | 旧书回溯/ [索取号:S858.2/28] | 在馆 | |
| 7 | 2000117755 | 2000117755 | 旧书回溯/ [索取号:S858.2/28] | 在馆 |